Vista normal
Vista MARC
Entrada Personal Name
Número de registros utilizados en: 1
001 - CONTROL NUMBER
- control field: 18032
003 - CONTROL NUMBER IDENTIFIER
- control field: DLC
005 - DATE AND TIME OF LATEST TRANSACTION
- control field: 20260420161735.0
008 - FIXED-LENGTH DATA ELEMENTS
- fixed length control field: 980129n| acannaabn |a aaa
010 ## - LIBRARY OF CONGRESS CONTROL NUMBER
- LC control number: n 98009056
035 ## - SYSTEM CONTROL NUMBER
- System control number: (OCoLC)oca04637480
040 ## - CATALOGING SOURCE
- Original cataloging agency: DLC
- Language of cataloging: spa
- Transcribing agency: Mx-PuUPA
- Modifying agency: DLC
- Modifying agency: OCoLC
- Modifying agency: Mx-PuUPA
- Description conventions: rda
100 1# - HEADING--PERSONAL NAME
- Personal name: Rodríguez y Rodríguez, Salvador,
374 ## - OCCUPATION
- Occupation: Compilador
375 ## - GENDER
- Gender: hombre
377 ## - ASSOCIATED LANGUAGE
- Language code: spa
400 1# - SEE FROM TRACING--PERSONAL NAME
- Personal name: Rodríguez, Salvador Rodríguez y
670 ## - SOURCE DATA FOUND
- Source citation: El desarrollo regional en México, 1996:
- Information found: t.p. (Salvador Rodríguez y Rodríguez) verso of t.p. (secretario, Asociación Mexicana de Ciencias para el Desarrollo Regional)